000 00423nam a2200157Ia 4500
008 160316s1990 xxu||||| |||| 00| 0 eng d
082 _a344.015000
_bSAR
100 _aSarma A M
245 _aWelfare of special catagories of labour
250 _a
260 _aBombay
_bTata Institute of Social Sciences
_c1990
300 _a65
_b20 cm
_cv
365 _b
650 _a1. Labour Welfare - Special Catagories
700 _a
_a
999 _c3698
_d3698